000 00691nam a2200217 4500
999 _c8588
_d8588
001 22704
003 BD-DhUAP
005 20250601125829.0
008 250601b2013 ay a|o|| |||| 001 0ceng d
020 _a9781908150905
040 _aBD-DhUAP
_bENG
_cBD-DhUAP
_dBD-DhUAP
_eBD-DhUAP
082 _223
_a778.59 BEA
100 _a Beardsworth,John
_dAuthor.
245 _a 101 top tips :
_bfor black & white digital photography /
_cAuthor:John Beardsworth .
260 _a Lewes,
_b Ilex ;
_c2013 .
300 _a176 p
_bill;
_c24cm
504 _aInclude Index and Bibliography.
650 _aBlack-and-white photography Technique .
650 _aPhotography Digital techniques .
942 _2ddc
_cBK